000 00523nmm a2200193Ia 4500
008 251105s9999||||xx |||||||||||||||||und||
020 _a9788492617340
041 _aspa
100 _aJeffries, Sabrina
245 0 _aLord Prohibido
264 _a[Madrid, España] :
_bTerciopelo,
_c2013
300 _a341 páginas
490 _aTrilogía de los Lores
650 _aRomance
700 _aJeffries, Sabrina
700 1 _a Rabascall, Iolanda
856 _uhttps://public.digitaliapublishing.com/a/32329
942 _cCF
999 _c67237
_d67237